Sports Quiz

Random Sports Quiz
Score 0/38 Timer 04:00
0 Plays Today
Year Player % Correct
2005*Steve Nash
100%
2006*Steve Nash
100%
2007Steve Nash
100%
2008Steve Nash
100%
2010Steve Nash
100%
2012Steve Nash
100%
2005Amare Stoudemire
99.5%
2007Amare Stoudemire
99.5%
2008Amare Stoudemire
99.5%
2010Amare Stoudemire
99.5%
1993*Charles Barkley
97.5%
1994Charles Barkley
97.5%
1995Charles Barkley
97.5%
1996Charles Barkley
97.5%
2005Shawn Marion
95.1%
2006Shawn Marion
95.1%
1989Kevin Johnson
93.6%
1991Kevin Johnson
93.6%
1992Kevin Johnson
93.6%
Year Player % Correct
1994Kevin Johnson
93.6%
1997Kevin Johnson
93.6%
1981Dennis Johnson
93.1%
1982Dennis Johnson
93.1%
1998Jason Kidd
79.8%
1999Jason Kidd
79.8%
2000Jason Kidd
79.8%
2001Jason Kidd
79.8%
1989Tom Chambers
77.8%
1990Tom Chambers
77.8%
1976Paul Westphal
59.1%
1978Paul Westphal
59.1%
1978Walter Davis
58.1%
1979Walter Davis
58.1%
1981Walter Davis
58.1%
1970Connie Hawkins
44.8%
1981Truck Robinson
22.2%
1983Maurice Lucas
17.7%
1975Mike Bantom
7.4%

You're not logged in!

Compare scores with friends on all Sporcle quizzes.
OR
Log In

Sporcle TV

Today on Sporcle TV


Watch our educational content, quiz creation guides, and fun videos on Sporcle TV.

Show Comments

Extras

Top Quizzes Today


Score Distribution

Paid Content

Your Account Isn't Verified!

In order to create a playlist on Sporcle, you need to verify the email address you used during registration. Go to your Sporcle Settings to finish the process.

Report this User

Report this user for behavior that violates our Community Guidelines.

Details: